Rock art of India : (Record no. 143542)
[ view plain ]
| 000 -LEADER | |
|---|---|
| fixed length control field | 00866nam a22002177a 4500 |
| 005 - DATE AND TIME OF LATEST TRANSACTION | |
| control field | 20170818122859.0 |
| 010 ## - LCCN (DPL NO) | |
| LC control number | ENG-119741 |
| 020 ## - INTERNATIONAL STANDARD BOOK NUMBER | |
| International Standard Book Number | 9788124608517 |
| Terms of availability | 2700.00 |
| 035 ## - SYSTEM CONTROL NUMBER | |
| System control number | EN-103273 |
| 037 ## - SOURCE OF ACQUISITION | |
| Source of stock number/acquisition | DBAD/PUB |
| 082 ## - DEWEY DECIMAL CLASSIFICATION NUMBER | |
| Classification number | 709.01130934 |
| 245 ## - TITLE STATEMENT | |
| Title | Rock art of India : |
| Statement of responsibility, etc | edited by Bansi Lal Malla |
| Remainder of title | Suitable dating techniques / |
| 260 ## - PUBLICATION, DISTRIBUTION, ETC. (IMPRINT) | |
| Place of publication, distribution, etc | New Delhi |
| Name of publisher, distributor, etc | Indira Gandhi National Centre for the Arts |
| Date of publication, distribution, etc | 2016 |
| 260 ## - PUBLICATION, DISTRIBUTION, ETC. (IMPRINT) | |
| Place of publication, distribution, etc | New Delhi |
| Name of publisher, distributor, etc | D.K. Printworld |
| Date of publication, distribution, etc | 2016 |
| 270 ## - ADDRESS | |
| Address | Indira Gandhi National Centre for the Arts, Central Vista, Janpath, |
| City | New Delhi |
| Postal code | 110001 |
| 270 ## - ADDRESS | |
| Address | D.K. Print world (P) Ltd. Regd. Office: Vedasri, F-395, Sudarshan Park (Metro Station: Ramesh Nagar) |
| City | New Delhi |
| Postal code | 110015 |
| 300 ## - PHYSICAL DESCRIPTION | |
| Extent | xv,228p. : |
| Dimensions | 29cm(Hb) |
| Other physical details | ill.(col.) |
| 500 ## - GENERAL NOTE | |
| General note | Includes index |
| 700 ## - ADDED ENTRY--PERSONAL NAME | |
| Personal name | Malla, Bansi Lal |
| 942 ## - ADDED ENTRY ELEMENTS (KOHA) | |
| Source of classification or shelving scheme | Dewey Decimal Classification |
| Item type | English Books |
| Classification part | 709.01130934 |
| Call number suffix | ROC |
| Withdrawn status | Lost status | Not for loan | Collection code | Home library | Current library | Date acquired | Source of acquisition | Cost, normal purchase price | Full call number | Barcode | Copy number | Cost, replacement price | Koha item type |
|---|---|---|---|---|---|---|---|---|---|---|---|---|---|
| Not For Loan | Non-fiction | D.B.Act.Division | D.B.Act.Division | 18/08/2017 | DBAD/PUB | 2700.00 | 709.01130934 ROC | EN-103273 | 1 | 2700.00 | English Books |
